000 00579nam a22001817a 4500
005 20251108175051.0
008 250721s1981 xx 000 0 ara d
082 1 4 _a923.247/دوي
100 1 _aدوبتشر، إسحق
245 1 0 _aالنبي المسلح : تروتسكي 1879-1921 /
264 1 _aبيروت :
_bالمؤسسة العربية للدراسات و النشر،
_c1981.
300 _a535 ص.
650 1 7 _aتاريخ أوروبا
650 1 7 _aالتراجم
700 1 _aداغر، كميل قيصر
_eمترجم
942 _2ddc
_cBK
999 _c125321
_d125321